<?xml version="1.0" encoding="UTF-8"?>
<record
    xmlns:xsi="http://www.w3.org/2001/XMLSchema-instance"
    xsi:schemaLocation="http://www.loc.gov/MARC21/slim http://www.loc.gov/standards/marcxml/schema/MARC21slim.xsd"
    xmlns="http://www.loc.gov/MARC21/slim">

  <leader>01091nam a22002537a 4500</leader>
  <controlfield tag="005">20170123164153.0</controlfield>
  <datafield tag="010" ind1=" " ind2=" ">
    <subfield code="a">B-095082</subfield>
  </datafield>
  <datafield tag="020" ind1=" " ind2=" ">
    <subfield code="a">8171163783</subfield>
    <subfield code="c">140.00</subfield>
  </datafield>
  <datafield tag="035" ind1=" " ind2=" ">
    <subfield code="a">B-095082</subfield>
  </datafield>
  <datafield tag="037" ind1=" " ind2=" ">
    <subfield code="a">Cen Lib / Ret</subfield>
  </datafield>
  <datafield tag="040" ind1=" " ind2=" ">
    <subfield code="a">DPL</subfield>
    <subfield code="b">PN</subfield>
  </datafield>
  <datafield tag="082" ind1=" " ind2=" ">
    <subfield code="a">857</subfield>
    <subfield code="b">&#xA17;&#xA30;&#xA17;</subfield>
  </datafield>
  <datafield tag="245" ind1=" " ind2=" ">
    <subfield code="a">&#xA1A;&#xA42;&#xA70;&#xA22;&#xA40;&#xA06;&#xA02; :</subfield>
    <subfield code="c">&#xA38;&#xA70;&#xA2A;&#xA3E;&#xA26;&#xA15; &#xA15;&#xA47;. &#xA05;&#xA48;&#xA32;. &#xA17;&#xA30;&#xA17;</subfield>
    <subfield code="b">2003 &#xA26;&#xA3E; &#xA1A;&#xA4B;&#xA23;&#xA35;&#xA3E;&#xA02; &#xA2A;&#xA70;&#xA1C;&#xA3E;&#xA2C;&#xA40; &#xA39;&#xA3E;&#xA2E;-&#xA35;&#xA3F;&#xA05;&#xA70;&#xA17; /</subfield>
  </datafield>
  <datafield tag="246" ind1=" " ind2=" ">
    <subfield code="a">Choondhian : satirical essays  /</subfield>
    <subfield code="b">edited by K. L. Garg </subfield>
  </datafield>
  <datafield tag="260" ind1=" " ind2=" ">
    <subfield code="a">&#xA26;&#xA3F;&#xA71;&#xA32;&#xA40;</subfield>
    <subfield code="b">&#xA28;&#xA48;&#xA38;&#xA3C;&#xA28;&#xA32; &#xA2C;&#xA41;&#xA15; &#xA38;&#xA3C;&#xA3E;&#xA2A;</subfield>
    <subfield code="c">2004</subfield>
  </datafield>
  <datafield tag="270" ind1=" " ind2=" ">
    <subfield code="a">&#xA2A;&#xA32;&#xA71;&#xA08;&#xA05;&#xA30; &#xA17;&#xA3E;&#xA30;&#xA21;&#xA28; &#xA2E;&#xA3E;&#xA30;&#xA15;&#xA3F;&#xA1F;, &#xA1A;&#xA3E;&#xA02;&#xA26;&#xA28;&#xA40; &#xA1A;&#xA4C;&#xA02;&#xA15; </subfield>
    <subfield code="b">&#xA26;&#xA3F;&#xA71;&#xA32;&#xA40;</subfield>
    <subfield code="e">110006</subfield>
  </datafield>
  <datafield tag="300" ind1=" " ind2=" ">
    <subfield code="a">152p.</subfield>
    <subfield code="c">23cm(Hb)</subfield>
  </datafield>
  <datafield tag="650" ind1=" " ind2=" ">
    <subfield code="a">&#xA2A;&#xA70;&#xA1C;&#xA3E;&#xA2C;&#xA40; &#xA38;&#xA3E;&#xA39;&#xA3F;&#xA24;- &#xA39;&#xA3E;&#xA38; &#xA35;&#xA3F;&#xA3E;&#xA05;&#xA70;&#xA17;</subfield>
    <subfield code="9">141425</subfield>
  </datafield>
  <datafield tag="650" ind1=" " ind2=" ">
    <subfield code="a">&#xA2A;&#xA70;&#xA1C;&#xA3E;&#xA2C;&#xA40; &#xA38;&#xA3E;&#xA39;&#xA3F;&#xA24;</subfield>
    <subfield code="9">141426</subfield>
  </datafield>
  <datafield tag="650" ind1=" " ind2=" ">
    <subfield code="a">Punjabi Literature-Satire</subfield>
    <subfield code="9">141427</subfield>
  </datafield>
  <datafield tag="650" ind1=" " ind2=" ">
    <subfield code="a">Punjabi Literature</subfield>
    <subfield code="9">141428</subfield>
  </datafield>
  <datafield tag="700" ind1=" " ind2=" ">
    <subfield code="a">&#xA17;&#xA30;&#xA17;, &#xA15;&#xA47;. &#xA14;&#xA32;  </subfield>
    <subfield code="9">42260</subfield>
  </datafield>
  <datafield tag="942" ind1=" " ind2=" ">
    <subfield code="2">ddc</subfield>
    <subfield code="c">PN</subfield>
    <subfield code="h">857</subfield>
    <subfield code="m">&#xA17;&#xA30;&#xA17;</subfield>
  </datafield>
  <datafield tag="999" ind1=" " ind2=" ">
    <subfield code="c">110508</subfield>
    <subfield code="d">110508</subfield>
  </datafield>
  <datafield tag="952" ind1=" " ind2=" ">
    <subfield code="0">0</subfield>
    <subfield code="1">0</subfield>
    <subfield code="4">0</subfield>
    <subfield code="7">0</subfield>
    <subfield code="a">L</subfield>
    <subfield code="b">L</subfield>
    <subfield code="d">2016-01-29</subfield>
    <subfield code="e">Cen Lib/Ret</subfield>
    <subfield code="g">140.00</subfield>
    <subfield code="l">0</subfield>
    <subfield code="o">857 &#xA17;&#xA30;&#xA17;</subfield>
    <subfield code="p">B-095082</subfield>
    <subfield code="r">2016-01-29 00:00:00</subfield>
    <subfield code="t">1</subfield>
    <subfield code="v">140.00</subfield>
    <subfield code="w">2016-01-29</subfield>
    <subfield code="y">PN</subfield>
  </datafield>
</record>
